Estadísticas para Capitales aleatorias de Asia en un mapa

Haz click aquí para intentar la prueba.

Estadísticas generales

  • Esta prueba ha sido intentada 632 veces
  • La puntuación promedio es 9 de 12

Respuestas en el mapa

Las respuestas están codificadas por una escala verde-roja en el mapa de la prueba según el % correcto abajo.
 

Estadísticas de respuestas

capital% Correcto
Nueva Delhi
100%
Tokio
100%
Doha
96%
Pekín
96%
Seúl
96%
Nicosia
95%
Hanói
92%
Riad
92%
Ankara
91%
Pionyang
91%
Islamabad
90%
Kuwait
89%
Taipéi
89%
Bakú
88%
Manila
88%
Mascate
88%
Ulán Bator
87%
Beirut
86%
Damasco
86%
Daca
85%
Teherán
85%
Singapur
84%
Bagdad
83%
Yakarta
83%
Abu Dhabi
82%
Kabul
82%
Bangkok
80%
Katmandú
80%
Tiflis
80%
Amán
79%
Nursultán
78%
Jerusalén
77%
Ereván
76%
Saná
76%
Kuala Lumpur
75%
Malé
74%
Timbu
74%
Nom Pen
70%
Asjabad
69%
Sri Jayawardenepura Kotte
68%
Biskek
63%
Dili
63%
Manama
62%
Naipyidó
54%
Dusambé
50%
Taskent
50%
Bandar Seri Begawan
47%
Vientián
47%

Distribución de puntuación

Porcentaje por número respondido

Porcentaje de gente con cada puntuación

Historial de tus puntuaciones

No has intentado esta prueba.